000 00652nas a2200229 4500
001 BR7905075
003 BR-BrBNA
005 20231205083901.0
007 ta
008 230509b bl.|||p| |||| 00| 00por d
040 _aBR-BrBNA
_bpor
_cBiblioteca Nacional de Agricultura
041 _a(Pt)
072 _aF28
100 1 _aSchmitt, B.
245 1 _aMinhocas podem ajudar na recuperacao do solo
650 _aRecuperacao do solo
650 _aErosao
650 _aMinhoca
773 0 _tAgricultura de Hoje (Brazil)
_xISSN 0100-5707
_g(Apr 1979), v. 4(47) p. 23-24
_wBR7905075
909 _a202311
_bLúcia
_c55
_dLúcia Elande
942 _2AGRIS
_n0
_cANA
999 _c101812
_d101812